000 00573cam a22002053a 4500
001 38487
003 PGUSA
005 20140828083841.0
008 120103s2012||||xxu|||||s|||||000 | eng d
040 _aPGUSA
_beng
042 _adc
100 1 _aMacy, John Albert,
_d1877-1932
245 1 4 _aThe Critical Game
_h[electronic resource] /
_cJohn Albert Macy
260 _bProject Gutenberg,
_c2012
506 _aPublic domain in the USA.
516 _aElectronic text
830 0 _aProject Gutenberg
_v38487
856 4 0 _uhttp://www.gutenberg.org/ebooks/38487
942 _cEB
999 _c267741
_d267741